Experiential Exercises in Organization Theory & Design / (Record no. 31735)

000 -LEADER
fixed length control field 01479cam a22003854a 4500
001 - CONTROL NUMBER
control field 14276826
003 - CONTROL NUMBER IDENTIFIER
control field OSt
005 - DATE AND TIME OF LATEST TRANSACTION
control field 20211124105456.0
008 - FIXED-LENGTH DATA ELEMENTS--GENERAL INFORMATION
fixed length control field 060224s2007 ohua b 000 0 eng
010 ## - LIBRARY OF CONGRESS CONTROL NUMBER
LC control number 2006922959
020 ## - INTERNATIONAL STANDARD BOOK NUMBER
International Standard Book Number 032436010X
038 ## - RECORD CONTENT LICENSOR
Staff Name Khadija
040 ## - CATALOGING SOURCE
Original cataloging agency DLC
Transcribing agency DLC
Modifying agency DLC
050 00 - LIBRARY OF CONGRESS CALL NUMBER
Classification number HD58.7
Item number .B35 2007
082 ## - DEWEY DECIMAL CLASSIFICATION NUMBER
Classification number 658.4
Author Mark BAK
100 1# - MAIN ENTRY--PERSONAL NAME
Personal name Baker, H. Eugene.
9 (RLIN) 85003
245 10 - TITLE STATEMENT
Title Experiential Exercises in Organization Theory & Design /
Statement of responsibility, etc. H. Eugene Baker III, Steven K. Paulson.
246 30 - VARYING FORM OF TITLE
Title proper/short title Organization Theory & Design
246 3# - VARYING FORM OF TITLE
Title proper/short title Organization Theory and Design
250 ## - EDITION STATEMENT
Edition statement 2nd ed.
260 ## - PUBLICATION, DISTRIBUTION, ETC.
Place of publication, distribution, etc. Mason, OH :
Name of publisher, distributor, etc. Thomson South-Western,
Date of publication, distribution, etc. c2007.
300 ## - PHYSICAL DESCRIPTION
Extent vi, 218 p. :
Other physical details ill. ;
Dimensions 26 cm.
504 ## - BIBLIOGRAPHY, ETC. NOTE
Bibliography, etc. note Includes bibliographical references (p. [217]-218).
563 ## - BINDING INFORMATION
Binding note PB
650 #0 - SUBJECT ADDED ENTRY--TOPICAL TERM
Topical term or geographic name entry element Organizational behavior.
9 (RLIN) 85004
650 #0 - SUBJECT ADDED ENTRY--TOPICAL TERM
Topical term or geographic name entry element Organizational behavior
Form subdivision Problems, exercises, etc.
9 (RLIN) 85005
650 #0 - SUBJECT ADDED ENTRY--TOPICAL TERM
Topical term or geographic name entry element Experiential learning.
9 (RLIN) 85006
700 1# - ADDED ENTRY--PERSONAL NAME
Personal name Paulson, Steven K.
9 (RLIN) 85007
856 41 - ELECTRONIC LOCATION AND ACCESS
Materials specified Table of contents only
Uniform Resource Identifier <a href="http://www.loc.gov/catdir/toc/fy0612/2006922959.html">http://www.loc.gov/catdir/toc/fy0612/2006922959.html</a>
856 42 - ELECTRONIC LOCATION AND ACCESS
Materials specified Publisher description
Uniform Resource Identifier <a href="http://www.loc.gov/catdir/enhancements/fy1215/2006922959-d.html">http://www.loc.gov/catdir/enhancements/fy1215/2006922959-d.html</a>
856 42 - ELECTRONIC LOCATION AND ACCESS
Materials specified Contributor biographical information
Uniform Resource Identifier <a href="http://www.loc.gov/catdir/enhancements/fy1302/2006922959-b.html">http://www.loc.gov/catdir/enhancements/fy1302/2006922959-b.html</a>
906 ## - LOCAL DATA ELEMENT F, LDF (RLIN)
a 7
b cbc
c orignew
d 2
e epcn
f 20
g y-gencatlg
942 ## - ADDED ENTRY ELEMENTS (KOHA)
Source of classification or shelving scheme
Koha item type Book
Holdings
Withdrawn status Lost status Source of classification or shelving scheme Damaged status Not for loan Permanent Location Current Location Shelving location Date acquired Full call number Barcode Date last seen Price effective from Koha item type Total Checkouts
          Central Library (CL) Central Library (CL)   09/25/2019 658.4 BAK NBS5507 09/25/2019 09/25/2019 Book  
          School of Mechanical & Manufacturing Engineering (SMME) School of Mechanical & Manufacturing Engineering (SMME) General Stacks 07/01/2015 658.4 BAK SMME-254 04/02/2018 07/01/2015 Book  
© 2023 Central Library, National University of Sciences and Technology. All Rights Reserved.